| 000 | 004990000a22001690004500 | ||
|---|---|---|---|
| 041 | 0 | _aENG | |
| 082 | 0 | 4 | _aG 268.335 W6731s |
| 100 | 1 | _aWilder, Elmer L. | |
| 245 | 1 | 0 | _aSight sermons : Object lessons on sin, salvation, separation and service / Elmer L. Wilder |
| 260 | _aLos Angesles, CA., USA : Bible House of Los Angeles | ||
| 300 | _a160 Pag | ||
| 001 | 7879 | ||
| 942 | _cBK | ||
| 999 |
_c38081 _d38081 |
||
| 336 |
_atexto _btxt _2rdacontent |
||
| 337 |
_2rdamedia _asin mediación _bn |
||
| 338 |
_2rdacarrier _avolumen _bnc |
||